| 000 | 00625nam a22002297a 4500 | ||
|---|---|---|---|
| 003 | Ost | ||
| 005 | 20260313044958.0 | ||
| 008 | 260313b |||||||| |||| 00| 0 eng d | ||
| 020 | _a9780367280918 | ||
| 040 | _cBT-PhCST | ||
| 050 | _a25767-25768 | ||
| 082 |
_222 _a621.042 _bGRA |
||
| 100 | _aGranet, Irving. | ||
| 245 | _aThermodynamics and heat power / | ||
| 250 | _a9th ed. | ||
| 260 |
_aLondon : _bCRC Press Taylor and Francis Group, _cc2021. |
||
| 300 |
_axix, 843 p. : _bill. ; _c26 cm. |
||
| 500 | _aIncludes index. | ||
| 700 | _aAlvarado, Jorge Luis. | ||
| 700 | _aBluestein, Maurice. | ||
| 942 |
_2ddc _cMEC |
||
| 999 |
_c10200 _d10200 |
||